[Event "NLD-chT"]
[Site "NLD"]
[Date "1987.??.??"]
[Round "?"]
[White "Gelpke, Peter"]
[Black "Van der Wiel, John TH"]
[Result "0-1"]
[WhiteElo "2405"]
[BlackElo "2590"]

1.d4 Nf6 2.c4 e6 3.Nf3 b6 4.Nc3 Bb4 5.Qc2 Bb7 6.a3 Bxc3+ 7.Qxc3 h6 8.e3 d6
9.b4 a5 10.Bb2 Nbd7 11.Be2 Ne4 12.Qb3 axb4 13.axb4 Rxa1+ 14.Bxa1 O-O 15.O-O Ndf6
16.Qc2 Qd7 17.Ne1 Ra8 18.Nd3 Qa4 19.Qc1 Qb3 20.Rd1 Ra2 21.Bf1 Rc2 22.Qb1 Qxb1
23.Rxb1 Nd2 24.Rb2 Rxb2 25.Bxb2 Nxc4 26.Bc1 b5 27.Nf4 Kf8 28.f3 g5 29.Bxc4 bxc4
30.Ne2 Nd5 31.Bd2 Kg7 32.e4 Nb6 33.Nc3 Bc6 34.Kf2 Kg6 35.Be3 d5 36.exd5 Bxd5
37.g3 h5 38.h4 f6 39.Bd2 Nc8 40.Nb5 c6 41.Nc3 gxh4 42.gxh4 Nd6 43.Ne2 Nf5
44.Nf4+ Kf7 45.Nxh5 Nxh4 46.f4 Nf5 47.Bc3 Kg6 48.Ng3 Nxg3 49.Kxg3 Kf5  0-1

[Event "URS-ch otbor"]
[Site "Norilsk"]
[Date "1987.??.??"]
[Round "?"]
[White "Piesina, Gintautas"]
[Black "Naumkin, Igor"]
[Result "0-1"]
[WhiteElo "2370"]
[BlackElo "2470"]

1.d4 Nf6 2.c4 e6 3.Nf3 b6 4.Nc3 Bb7 5.a3 d5 6.cxd5 exd5 7.g3 Be7 8.Qa4+ c6
9.Ne5 O-O 10.Bg2 c5 11.O-O Qc8 12.Bg5 Rd8 13.dxc5 bxc5 14.Rfd1 Nc6 15.Nd3 Nd4
16.Nxc5 Bxc5 17.Bxf6 Bc6 18.Qa5 gxf6 19.Qxc5 Nb3 20.Qb4 Nxa1 21.Rxa1 d4 22.Ne4 Qe6
23.Nc5 Qd6 24.Bxc6 Qxc6 25.Nd3 Qe4 26.Nf4 Rac8 27.Qa5 Rd7 28.Rd1 Rdc7 29.Qd2 Rc2
30.Qxd4 Qxd4 31.Rxd4 Rxb2 32.Ra4 Rc7 33.Kg2 Rb5 34.h4 a5 35.Rd4 Rc3 36.a4 Rb4
37.Rd8+ Kg7 38.Nd5 Rd4 39.e3 Rd2 40.Kh3 f5  0-1

[Event "URS-ch otbor"]
[Site "Norilsk"]
[Date "1987.??.??"]
[Round "?"]
[White "Gelfand, Boris"]
[Black "Lerner, Konstantin Z"]
[Result "1-0"]
[WhiteElo "2510"]
[BlackElo "2525"]

1.d4 Nf6 2.c4 e6 3.Nf3 b6 4.Nc3 Bb7 5.a3 d5 6.cxd5 Nxd5 7.Qc2 Be7 8.e4 Nxc3
9.bxc3 O-O 10.Bd3 c5 11.O-O Qc8 12.Qe2 cxd4 13.cxd4 Ba6 14.Bb2 Bxd3 15.Qxd3 Qa6
16.Qd2 Nd7 17.d5 exd5 18.exd5 Bf6 19.d6 Bxb2 20.Qxb2 b5 21.Rad1 Rfe8 22.Rd5 Rab8
23.Rfd1 Qc6 24.h4 a6 25.h5 h6 26.Ne5 Nxe5 27.Rxe5 Qd7 28.Rde1 Re6 29.Rxe6 fxe6
30.Qe5 Re8 31.Rd1 a5 32.Rd3 Rd8 33.Kh2 Rf8 34.Qc3 Rxf2 35.Qc7 Rf7 36.Qxd7 Rxd7
37.Kg3 Kf7 38.Kf4 Ke8 39.Ke5 Rf7 40.Rc3 Kd8 41.Kxe6 b4 42.axb4 axb4 43.Rg3 Rb7
44.Rg4 Ke8 45.Rc4 Rb8 46.Rc7 b3 47.Rxg7 Kf8 48.Rf7+ Kg8 49.d7 b2 50.Rf1 Kg7
51.Rb1 Rb6+ 52.Ke7 Rb7 53.Ke8  1-0

[Event "URS-ch otbor"]
[Site "Norilsk"]
[Date "1987.??.??"]
[Round "?"]
[White "Gelfand, Boris"]
[Black "Shneider, Aleksandr"]
[Result "1/2-1/2"]
[WhiteElo "2510"]
[BlackElo "2455"]

1.d4 Nf6 2.c4 e6 3.Nf3 b6 4.Nc3 Bb4 5.Bg5 Bb7 6.e3 h6 7.Bh4 Bxc3+ 8.bxc3 d6
9.Nd2 Nbd7 10.f3 Qe7 11.e4 g5 12.Bf2 O-O-O 13.a4 a5 14.Bd3 Nh5 15.g3 f5 16.Qe2 fxe4
17.Bxe4 Ba6 18.O-O Nhf6 19.Bc6 e5 20.Rfb1 Rhe8 21.Nb3 exd4 22.Qxe7 Rxe7 23.cxd4 Nb8
24.Bb5 c5 25.Bxa6+ Nxa6 26.Re1 Rde8 27.Rxe7 Rxe7 28.Rd1 Re2 29.dxc5 dxc5
30.Nxa5 Nb4 31.Nb3 Rb2 32.Nd2 Nc6  1/2-1/2

[Event "URS-ch otbor"]
[Site "Norilsk"]
[Date "1987.??.??"]
[Round "?"]
[White "Kalinitschew, Sergey"]
[Black "Lerner, Konstantin Z"]
[Result "0-1"]
[WhiteElo "2445"]
[BlackElo "2525"]

1.d4 Nf6 2.Nf3 b6 3.c4 e6 4.Nc3 Bb7 5.a3 d5 6.cxd5 Nxd5 7.Qa4+ Qd7 8.Qc2 Nxc3
9.Qxc3 Bd6 10.g3 O-O 11.Bg2 c5 12.dxc5 Bxc5 13.Be3 Bxe3 14.Qxe3 Nc6 15.Rd1 Qe7
16.O-O Rfd8 17.Ne5 Nxe5 18.Bxb7 Qxb7 19.Qxe5 h6 20.f3 Rac8 21.Rxd8+ Rxd8
22.Rc1 Rd5 23.Qf4 Rd7 24.Kf2 Qd5 25.Rc8+ Kh7 26.h4 h5 27.b4 a5 28.Rb8 Qc6
29.Rf8 axb4 30.axb4 f6 31.Qb8 Rd2 32.Rh8+ Kg6 33.Qf4 Qd5 34.Rb8 Rd4 35.Qc7 Rxb4
36.Qc2+ Qf5 37.Qd2 Qc5+ 38.Kg2 Rd4 39.Qe3 e5 40.Qb3 Rd2 41.Rb7 Rxe2+  0-1

[Event "Oslo"]
[Site "Oslo"]
[Date "1987.??.??"]
[Round "?"]
[White "Ostenstad, Berge"]
[Black "Welin, Thomas"]
[Result "1-0"]
[WhiteElo "2400"]
[BlackElo "2400"]

1.d4 Nf6 2.Nf3 b6 3.c4 e6 4.Nc3 Bb4 5.Bg5 Bb7 6.e3 h6 7.Bh4 g5 8.Bg3 Ne4
9.Qc2 Bxc3+ 10.bxc3 Nxg3 11.fxg3 g4 12.Nh4 Qg5 13.Qf2 Be4 14.Be2 Nc6 15.h3 gxh3
16.O-O O-O-O 17.gxh3 Rdg8 18.Kh2 f5 19.Nf3 Qg7 20.Nd2 h5 21.h4 Ne7 22.a4 a5
23.Rg1 Bc6 24.Bf3 Qh6 25.Rab1 Rg7 26.c5 bxc5 27.Qe2 Nd5 28.Bxd5 exd5 29.Qa6+ Kd8
30.Qxa5 cxd4 31.Qc5 Ke8 32.Nf3 Rhg8 33.Ne5 Qd6 34.Qxd4 Bxa4 35.Rg2 Bc6 36.Qf4 Qe6
37.Nf3 d4 38.Rb8+ Kf7 39.Rxg8 Rxg8 40.Nxd4 Qe4 41.Nxc6 dxc6 42.Qxc7+ Kg6
43.Rd2 Re8 44.Rd7 f4 45.Rd6+ Re6 46.Rxe6+ Qxe6 47.Qxf4  1-0

[Event "Ostend op"]
[Site "Ostend"]
[Date "1987.??.??"]
[Round "7"]
[White "Winants, Luc"]
[Black "Lehmann, K."]
[Result "0-1"]
[WhiteElo "2440"]
[BlackElo "2315"]

1.d4 Nf6 2.Nf3 e6 3.c4 b6 4.Nc3 Bb4 5.Bg5 Bb7 6.e3 h6 7.Bh4 g5 8.Bg3 Ne4
9.Qc2 Bxc3+ 10.bxc3 Nxg3 11.hxg3 Nc6 12.Rb1 Qe7 13.Rh5 O-O-O 14.c5 Kb8 15.Qa4 Na5
16.Ne5 f6 17.Nd3 Qh7 18.Rb2 d6 19.f3 Qd7 20.Qb4 e5 21.Kf2 e4 22.fxe4 Qe8
23.cxb6 axb6 24.Rh3 Qxe4 25.g4 f5 26.gxf5 Rdf8 27.Kg1 g4 28.Rg3 h5 29.Nf2 Qxf5
30.Bd3 Qg5 31.Qb5 Qh4 32.Nh1 Qe7 33.e4 d5 34.e5 Qg5 35.Be2 Nc4 36.Bxc4 h4
37.Rxg4 Qxg4 38.Be2 Qf4 39.Bf1  0-1

[Event "Ostend op"]
[Site "Ostend"]
[Date "1987.??.??"]
[Round "7"]
[White "Ree, Hans"]
[Black "Jadoul, Michel"]
[Result "1/2-1/2"]
[WhiteElo "2475"]
[BlackElo "2340"]

1.d4 Nf6 2.c4 e6 3.Nf3 b6 4.Nc3 Bb4 5.Bg5 h6 6.Bh4 Bb7 7.Qc2 O-O 8.e3 d5
9.cxd5 exd5 10.Be2 Nbd7 11.Ne5 Be7 12.f4 Nxe5 13.fxe5 Ng4 14.Bxe7 Qxe7 15.Bxg4 Qh4+
16.g3 Qxg4 17.O-O Ba6 18.Rf4 Qe6 19.Rd1 c6 20.Qa4 Bc8 21.Rdf1 Qe8 22.b4 Be6
23.Ne2 a5 24.Nc3 Qe7 25.bxa5 b5 26.Qb3 Rxa5  1/2-1/2

[Event "Pancevo"]
[Site "Pancevo"]
[Date "1987.??.??"]
[Round "?"]
[White "Vasiljevic, Dragan"]
[Black "Marjanovic, Slavoljub"]
[Result "0-1"]
[WhiteElo "2340"]
[BlackElo "2505"]

1.Nf3 Nf6 2.c4 e6 3.d4 b6 4.Nc3 Bb4 5.Bg5 Bb7 6.e3 Bxc3+ 7.bxc3 Qe7 8.Qb3 d6
9.a4 a5 10.Bh4 Nbd7 11.Be2 h6 12.O-O-O O-O-O 13.Ne1 g5 14.Bg3 h5 15.f3 h4
16.Bf2 Nh5 17.Nd3 f5 18.Rhe1 Nhf6 19.h3 Rdg8 20.Rd2 e5 21.Red1 e4 22.Nb2 exf3
23.gxf3 g4 24.fxg4 fxg4 25.Bxg4 Nxg4 26.hxg4 h3 27.c5 h2 28.c6 Bxc6  0-1

[Event "Pavlodar"]
[Site "Pavlodar"]
[Date "1987.??.??"]
[Round "?"]
[White "Vladimirov, Evgeny"]
[Black "Kengis, Edvins"]
[Result "1/2-1/2"]
[WhiteElo "2525"]
[BlackElo "2475"]

1.d4 Nf6 2.c4 e6 3.Nf3 b6 4.Nc3 Bb4 5.e3 Ne4 6.Qc2 Bb7 7.Bd3 f5 8.O-O Bxc3
9.bxc3 O-O 10.Nd2 Qh4 11.f3 Nxd2 12.Bxd2 Nc6 13.Rab1 d5 14.e4 fxe4 15.fxe4 dxe4
16.Bxe4 Na5 17.Bxb7 Nxb7 18.Rfe1 Rae8 19.Re4 Qd8 20.Rbe1 Qd7 21.Rh4 g6 22.Rg4 Rf5
23.h4 Qf7 24.Rge4 Na5 25.d5 e5 26.Be3 c6 27.Rd1 Rc8 28.Rg4 h5 29.Re4 Rc7
30.Bg5 Kh7 31.Qd3 cxd5 32.cxd5 Nb7 33.Re3 Nc5 34.Qc2 Qd7 35.c4 Rf7 36.Rde1 Rc8
37.Ra3 Rcf8 38.Qd2 Rc8 39.Qe2 Rcf8 40.Kh2 Rc8 41.Kh1 Rcf8 42.Kg1 Qc7 43.Bd2 Qe7  1/2-1/2

[Event "Philadelphia op"]
[Site "Philadelphia"]
[Date "1987.??.??"]
[Round "?"]
[White "Griego, David W"]
[Black "Sisniega, Marcel"]
[Result "1-0"]
[WhiteElo "2320"]
[BlackElo "2455"]

1.d4 Nf6 2.Nf3 e6 3.c4 b6 4.Nc3 Bb4 5.Bg5 Bb7 6.e3 h6 7.Bh4 Bxc3+ 8.bxc3 d6
9.Bd3 Nbd7 10.O-O Qe7 11.Nd2 g5 12.Bg3 O-O-O 13.c5 dxc5 14.Qa4 Kb8 15.Ba6 Nd5
16.Bxb7 Kxb7 17.Nc4 Nb8 18.Rfc1 Nc6 19.Rab1 h5 20.f3 h4 21.Bf2 cxd4 22.cxd4 Nb8
23.Rb3 Qd7 24.Qa3 h3 25.g3 Ne7 26.Ne5  1-0

[Event "Philadelphia op"]
[Site "Philadelphia"]
[Date "1987.??.??"]
[Round "?"]
[White "Schroer, Jonathan"]
[Black "Burger, Karl"]
[Result "0-1"]
[WhiteElo "2435"]
[BlackElo "2310"]

1.d4 Nf6 2.c4 e6 3.Nf3 b6 4.Nc3 Bb4 5.Bg5 Bb7 6.e3 Bxc3+ 7.bxc3 Qe7 8.Nd2 e5
9.a4 h6 10.Bh4 d6 11.a5 O-O 12.Nb3 Re8 13.Qc2 Be4 14.Qb2 exd4 15.cxd4 d5
16.Nd2 g5 17.Bg3 Nc6 18.a6 Nb4 19.Nxe4 Nxe4 20.cxd5 Nxd5 21.Be5 f6 22.Bc4 c6
23.Qb1 fxe5 24.O-O Qh7 25.Bd3 exd4 26.f3 Nxe3 27.Rc1 Qd7 28.Bxe4 Rac8 29.Qb3+ Kg7
30.Qa4 Re6 31.Ra3 Rd6 32.Rd3 c5 33.Qa1 Kg8 34.Re1 Rd8 35.Qa2+ Qf7 36.Qf2 Qf6
37.Qb2 Kg7 38.Qb5 Nd5 39.Bxd5 Rxd5 40.Rd2 Re5 41.Rxe5 Qxe5 42.Re2 Qd6 43.Qd3 Rd7
44.Re8 Re7 45.Rxe7+ Qxe7 46.Kf1 Qe6  0-1

[Event "Porabka"]
[Site "Porabka"]
[Date "1987.??.??"]
[Round "5"]
[White "Riemersma, Liafbern"]
[Black "Podlesnik, Bogdan"]
[Result "0-1"]
[WhiteElo "2395"]
[BlackElo "2380"]

1.d4 Nf6 2.c4 e6 3.Nf3 b6 4.Nc3 Bb7 5.a3 d5 6.cxd5 exd5 7.g3 Be7 8.Qa4+ c6
9.Bg2 O-O 10.O-O Nbd7 11.Bf4 Nh5 12.Rad1 Nxf4 13.gxf4 Nf6 14.Ne5 Qd6 15.e3 Qe6
16.Rd2 Ng4 17.Bh3 f5 18.Nf3 a5 19.Bg2 Kh8 20.Rc1 Rac8 21.Qb3 b5 22.Na4 Nf6
23.Rdc2 Nd7 24.Ne5 Nxe5 25.dxe5 g5 26.Nc5 Bxc5 27.Rxc5 a4 28.Qb4 Rg8 29.fxg5 Rxg5
30.f4 Rg7 31.Kh1 Rcg8 32.Bf3 Qh6 33.Qd2 Qh3 34.Qf2 Rg3 35.Rf1 R8g6 36.e6 Kg7
37.Rc3 Kf6 38.e4 dxe4 39.Bg4 R6xg4 40.Qd4+ Kg6  0-1

[Event "Poznan"]
[Site "Poznan"]
[Date "1987.??.??"]
[Round "?"]
[White "Hracek, Zbynek"]
[Black "Stempin, Pawel"]
[Result "0-1"]
[WhiteElo "2405"]
[BlackElo "2400"]

1.d4 Nf6 2.c4 e6 3.Nf3 b6 4.Nc3 Bb7 5.a3 d5 6.cxd5 Nxd5 7.e3 Nf6 8.Bd3 c5
9.O-O Nbd7 10.Qe2 cxd4 11.exd4 Be7 12.Re1 O-O 13.Bg5 h6 14.Bd2 Nd5 15.Ne4 Rc8
16.Rad1 Qc7 17.Rc1 Qb8 18.Bb1 Rxc1 19.Bxc1 Rd8 20.Qd3 Kf8 21.Bd2 N5f6 22.Nxf6 Nxf6
23.Ne5 Qd6 24.Bc3 Qd5 25.Qh3 Rc8 26.a4 Rc7 27.f4 Kg8 28.f5 exf5 29.Bxf5 Bf8
30.Bd3 Bd6 31.Re2 Bc8 32.Qh4 Be6 33.h3 Be7 34.Qf2 Qb3 35.Bc2 Qd5 36.Bd3 Qd8
37.Qf3 Bd5 38.Qe3 a5 39.Bb5 Ne4 40.Qd3 Nd6 41.Rd2 Bg5 42.Rd1 Bf4 43.Rf1 Qg5
44.Nf3 Be3+ 45.Kh1 Qf4 46.Bd2 Nf5 47.Bxe3 Nxe3 48.Re1 Re7 49.Qe2 Nxg2 50.Qxe7 Nxe1
51.Qd8+ Kh7 52.Qxd5 Nxf3 53.Kg2 Nxd4 54.Bd3+ g6  0-1

[Event "Poznan"]
[Site "Poznan"]
[Date "1987.??.??"]
[Round "?"]
[White "Hracek, Zbynek"]
[Black "Ostrowski, Leszek"]
[Result "1-0"]
[WhiteElo "2405"]
[BlackElo "2385"]

1.d4 Nf6 2.c4 e6 3.Nf3 b6 4.Nc3 Bb4 5.Bg5 Bb7 6.e3 h6 7.Bh4 g5 8.Bg3 Ne4
9.Nd2 Nxg3 10.hxg3 Bf8 11.Qa4 Bg7 12.O-O-O Qe7 13.g4 a6 14.Kb1 Nc6 15.Rc1 O-O
16.Qd1 Rfb8 17.Bd3 b5 18.c5 d6 19.Ne2 dxc5 20.Rxc5 e5 21.Qc1 exd4 22.Rxc6 dxe3
23.Ne4 Qd7 24.Rc3 b4 25.Nc5 Qxg4 26.Rc4 Qxg2 27.Nxb7 Rxb7 28.Be4 Qxf2 29.Bxb7 Rb8
30.Bxa6 Qxe2 31.Rxb4  1-0

[Event "Primorsko op"]
[Site "Primorsko"]
[Date "1987.??.??"]
[Round "3"]
[White "Voiska, Margarita"]
[Black "Petrova Kalmukova, Marlen"]
[Result "0-1"]
[WhiteElo "2305"]
[BlackElo "2125"]

1.d4 Nf6 2.Nf3 e6 3.c4 b6 4.Nc3 Bb7 5.Bg5 Bb4 6.e3 Bxc3+ 7.bxc3 d6 8.Nd2 Nbd7
9.f3 h6 10.Bh4 g5 11.Bf2 h5 12.h4 g4 13.e4 Qe7 14.a4 a5 15.Qb3 e5 16.O-O-O O-O-O
17.Kb2 Kb8 18.Ka2 Ka7 19.c5 dxc5 20.d5 Ne8 21.Qa3 Nd6 22.Nb3 Ra8 23.Rb1 Rhe8
24.Nxa5 bxa5 25.Bb5 Nxb5 26.Rxb5 Ba6 27.Rxa5 Kb7 28.Rb1+ Kc8 29.Ka1 Qd6 30.fxg4 hxg4
31.c4 Rb8 32.Rxb8+ Kxb8 33.Bxc5 Nxc5 34.Rxc5 Kc8 35.Qb4 Kd7 36.a5 Rb8 37.Qa4+ Kc8
38.Rc6 Qd7 39.Qa3 Bb7 40.Rh6 Qe8 41.Rf6 Kd8 42.a6 Qe7 43.Qxe7+ Kxe7 44.Rf5 Bxa6
45.Rxe5+ Kd6 46.Rf5 Bxc4 47.Rxf7 Bd3 48.Rg7 Be2 49.h5 Rh8 50.Rg5 Kc5 51.Kb2 Kd4
52.Kc2 Kxe4 53.Kd2 Kf4 54.Rg7 Bc4 55.Ke1 Bxd5 56.Kf2 c6  0-1

[Event "Primorsko op"]
[Site "Primorsko"]
[Date "1987.??.??"]
[Round "11"]
[White "Ilandzis, Spyridon"]
[Black "Pelitov, Dimitar"]
[Result "1-0"]
[WhiteElo "2215"]
[BlackElo "2320"]

1.d4 Nf6 2.c4 e6 3.Nf3 b6 4.Nc3 Bb4 5.Bg5 Bxc3+ 6.bxc3 d6 7.e3 Nbd7 8.Bd3 h6
9.Bh4 e5 10.Nd2 Bb7 11.O-O Qe7 12.Bf5 O-O 13.Bxd7 Qxd7 14.Bxf6 gxf6 15.f4 exd4
16.cxd4 Rfe8 17.Qh5 Rxe3 18.f5 Qe7 19.Qxh6 Re2 20.d5 Qe3+ 21.Qxe3 Rxe3 22.Rab1 Ra3
23.Rfe1 Rxa2 24.Ne4 Kg7 25.Rb3 Re8 26.Rg3+ Kf8 27.Rg8+ Kxg8 28.Nxf6+ Kg7
29.Nxe8+ Kh6 30.Re7 a5 31.Rxc7 Ba6 32.Nxd6 a4 33.Ra7 Bxc4 34.Nxc4 b5 35.Nd6 b4
36.Nxf7+ Kg7 37.g4 b3 38.g5 b2 39.Ne5+ Kf8 40.Ra8+ Ke7 41.f6+ Kd6 42.Nc4+ Kxd5
43.Nxb2 a3 44.Nd3  1-0

[Event "FRA-ch"]
[Site "Rouen"]
[Date "1987.??.??"]
[Round "1"]
[White "Meinsohn, Francis"]
[Black "Adrian, Claude"]
[Result "1-0"]
[WhiteElo "2265"]
[BlackElo "2355"]

1.d4 e6 2.c4 Nf6 3.Nf3 b6 4.Nc3 Bb4 5.g3 Ba6 6.Qa4 c5 7.Bg2 Bxc4 8.O-O b5
9.Nxb5 Bxe2 10.Nd6+ Ke7 11.Ne5 Qb6 12.Bxa8 Qxd6 13.Bf4 Qa6 14.Qb3 d6 15.dxc5 Bxc5
16.Rfc1 dxe5 17.Rxc5 exf4 18.Rc7+ Nbd7 19.Rc6 Qa5 20.Bb7 Bb5 21.Rc2 Rb8 22.a4 Rxb7
23.Qa3+ Kd8 24.Rac1 Rb8 25.gxf4 Bxa4 26.Rc4 Ng4 27.Rd4 Ke8 28.h3 Ngf6 29.Rxa4 Qd2
30.Rac4 Rd8 31.Qxa7 Nd5 32.Qa4 Nxf4 33.Rd1 Nxh3+ 34.Kg2 Qh6 35.Rh4 Qg5+ 36.Kxh3 e5
37.Rg4 Qf5 38.Kg2 g6 39.Rc4 Qg5+ 40.Kf1 Qh5 41.Rh4 Qf5 42.Rxh7 Ke7 43.Qb4+ Kf6
44.Rd6+  1-0

[Event "FRA-ch"]
[Site "Rouen"]
[Date "1987.??.??"]
[Round "7"]
[White "Meinsohn, Francis"]
[Black "Mohebbi, Jafar"]
[Result "0-1"]
[WhiteElo "2265"]
[BlackElo "2200"]

1.d4 Nf6 2.Nf3 e6 3.c4 b6 4.Nc3 Bb4 5.e3 Bb7 6.Bd3 O-O 7.O-O Bxc3 8.bxc3 c5
9.Qc2 d6 10.e4 h6 11.Rd1 Nc6 12.e5 dxe5 13.dxe5 Nd7 14.Bf4 Qe7 15.Qe2 Rfd8
16.Rd2 Nf8 17.Rad1 Na5 18.Qe3 Ba6 19.Qe2 Kh8 20.h4 Rd7 21.Qe4 Rad8 22.Be3 Bb7
23.Qg4 Bxf3 24.gxf3 f5 25.exf6 Qxf6 26.Be2 Rxd2 27.Rxd2 Rxd2 28.Bxd2 Ng6
29.Qe4 Nxh4 30.Bd3 Nxf3+ 31.Kg2 Nh4+ 32.Kf1 Nf5 33.Qa8+ Kh7 34.Qxa7 Qd8 35.Ke2 Nc6
36.Qf7 Qxd3+  0-1

[Event "San Francisco"]
[Site "San Francisco"]
[Date "1987.??.??"]
[Round "?"]
[White "Djuric, Stefan"]
[Black "Browne, Walter S"]
[Result "0-1"]
[WhiteElo "2455"]
[BlackElo "2505"]

1.d4 Nf6 2.c4 e6 3.Nf3 b6 4.Nc3 Bb4 5.Bd2 Ba6 6.e3 O-O 7.a3 Bxc3 8.Bxc3 Ne4
9.Rc1 d5 10.Nd2 Nxd2 11.Bxd2 Bxc4 12.Bxc4 dxc4 13.Rxc4 Qd5 14.Rxc7 Qxg2 15.Ke2 Qg4+
16.Ke1 Qg2 17.Ke2 Na6 18.Rc3 Rfd8 19.Qb1 Qg4+ 20.Kf1 Qh3+ 21.Ke2 Qg4+ 22.Kf1 Qh3+
23.Ke2 Qh5+ 24.f3 e5 25.d5 Rxd5 26.Qe4 Rdd8 27.b4 Qg6 28.Qxg6 hxg6 29.Rg1 Rd7
30.Rc4 Nc7 31.Bc3 Re8 32.Bb2 Nd5 33.Rg5 f5 34.Rxg6 Kf7 35.Rg5 g6 36.Rc6 Nf4+
37.exf4 exf4+ 38.Kf1 Rd1+ 39.Kf2 Rd2+ 40.Kf1 Rxb2 41.Rcxg6 Re3 42.Rg7+ Ke6
43.R5g6+ Kd5 44.Rd7+ Kc4 45.Rxa7 Rxf3+ 46.Kg1 Rb1+ 47.Kg2 Rd3 48.Rc7+ Kb3
49.Re7 Rd2+ 50.Kh3 Rbb2 51.Kh4 Rxh2+ 52.Kg5 Rhg2+ 53.Kxf5 Rxg6 54.Kxg6 Kxa3
55.Ra7+ Kxb4 56.Rf7 Rf2 57.Kf5 b5 58.Ke4 Kb3 59.Kd4 b4 60.Kd3 Kb2 61.Kc4  0-1

[Event "Sevilla op"]
[Site "Sevilla"]
[Date "1987.??.??"]
[Round "?"]
[White "Lalic, Bogdan"]
[Black "Sax, Gyula"]
[Result "1/2-1/2"]
[WhiteElo "2440"]
[BlackElo "2570"]

1.d4 Nf6 2.c4 e6 3.Nf3 b6 4.Nc3 Bb4 5.Bg5 h6 6.Bh4 Bb7 7.e3 g5 8.Bg3 Ne4
9.Qc2 Bxc3+ 10.bxc3 Nxg3 11.fxg3 g4 12.Nh4 Qg5 13.Qd2 Nc6 14.Bd3 Ne7 15.O-O O-O
16.Rf2 f5 17.Raf1 Rf7 18.d5 Raf8 19.Bc2 e5 20.Qe2 d6 21.e4 f4 22.Nf5 Nxf5
23.gxf4 exf4 24.exf5 f3 25.Qd2 Qxd2 26.Rxd2 Bc8 27.gxf3 Bxf5 28.fxg4 Bxc2
29.Rxf7 Rxf7 30.Rxc2 Rf4 31.h3 Rxc4 32.Kf2 Rc5  1/2-1/2

[Event "Nordic-chT"]
[Site "Slupsk"]
[Date "1987.??.??"]
[Round "4"]
[White "Cramling, Dan"]
[Black "Hentunen, Asko"]
[Result "1-0"]
[WhiteElo "2430"]
[BlackElo "2290"]

1.c4 Nf6 2.Nf3 e6 3.d4 b6 4.Nc3 Bb4 5.Bg5 h6 6.Bh4 g5 7.Bg3 Ne4 8.Qc2 Bb7
9.e3 Bxc3+ 10.bxc3 d6 11.Bd3 f5 12.d5 exd5 13.cxd5 Bxd5 14.Nd4 Qf6 15.Nxf5 Nc5
16.O-O Nbd7 17.f4 Nxd3 18.Qxd3 Bb7 19.fxg5 Qxg5 20.Qc4 Nc5 21.Nxd6+ cxd6
22.Qf7+ Kd8 23.Rad1 d5 24.Qc7+ Ke8 25.Bd6 Rg8 26.Rf2 Qg7 27.Rf8+ Qxf8 28.Bxf8 Rxf8
29.e4 dxe4 30.Qe5+ Kf7 31.Rd6 Rfd8 32.Rf6+ Kg8 33.Qg3+ Kh7 34.Rf7+  1-0

[Event "SWE-ch"]
[Site "Stockholm"]
[Date "1987.??.??"]
[Round "?"]
[White "Wiedenkeller, Michael"]
[Black "Schneider, Lars Ake"]
[Result "1/2-1/2"]
[WhiteElo "2460"]
[BlackElo "2425"]

1.d4 Nf6 2.c4 e6 3.Nf3 b6 4.Nc3 Bb7 5.Bg5 h6 6.Bh4 Be7 7.Qc2 c5 8.e4 cxd4
9.Nxd4 d6 10.Rd1 O-O 11.Ndb5 Ne8 12.Bg3 a6 13.Nxd6 Bxd6 14.e5 Nc6 15.exd6 e5
16.Qd2 Qd7 17.Nd5 Rd8 18.Bh4 Nxd6 19.Bxd8 Rxd8 20.Be2 Nd4 21.O-O b5 22.b3 Bxd5
23.cxd5 Ne4 24.Qe3 Nc3 25.Bf3 Nxd1 26.Rxd1  1/2-1/2

[Event "SWE-ch"]
[Site "Stockholm"]
[Date "1987.??.??"]
[Round "?"]
[White "Renman, Nils Gustaf"]
[Black "Bator, Robert"]
[Result "1/2-1/2"]
[WhiteElo "2455"]
[BlackElo "2350"]

1.d4 Nf6 2.Nf3 e6 3.c4 b6 4.Nc3 Bb7 5.Bg5 Be7 6.Qc2 d5 7.cxd5 Nxd5 8.Nxd5 exd5
9.Bxe7 Qxe7 10.Rc1 c6 11.e3 Nd7 12.Bd3 h6 13.O-O O-O 14.Bh7+ Kh8 15.Bf5 Nf6
16.Qa4 g6 17.Bd3 Nd7 18.Rfd1 Kg7 19.Bf1 Rfd8 20.Ne1 c5 21.Bb5 Nf8 22.dxc5 bxc5
23.Ba6 Ne6 24.Nd3 c4 25.Bxb7 Qxb7 26.Qb4 Rab8 27.Qc3+ f6 28.Nf4 Nxf4 29.exf4 Qxb2
30.Qa5 Qb7 31.f5 gxf5 32.h3 Rd7 33.Rc3 f4 34.Rf3 Qb4 35.Rxd5 Qxa5 36.Rxa5 Rb1+
37.Kh2 Rbd1 38.Rc3 R1d2 39.f3 Rc7 40.Ra4 Rd4 41.Rca3 a5 42.Rc3 Rc5 43.Rca3 Rdd5
44.Rc3 Rd2 45.h4 Rd4 46.Rca3 Rd7 47.Rxa5 Rxa5 48.Rxa5 Rc7 49.Rb5 Kf7 50.Kg1 Ke6
51.Kf1 c3 52.Rb1 Kd5 53.Ke2 Re7+ 54.Kd1 Kc4 55.Rb6 Rg7 56.Rc6+ Kd4 57.Rd6+ Kc4
58.Rc6+ Kd3 59.Rd6+ Ke3 60.Re6+ Kd4 61.Rd6+ Ke5 62.Rd3 Rxg2 63.Rxc3 Rxa2
64.Ke1 Kd4 65.Rb3 Rc2 66.Rb6 h5 67.Ra6 Rc1+ 68.Kd2 Rb1 69.Ra4+ Ke5  1/2-1/2

[Event "Stockholm"]
[Site "Stockholm"]
[Date "1987.??.??"]
[Round "?"]
[White "Svensson, Bengt"]
[Black "Kinnmark, Ove"]
[Result "1-0"]
[WhiteElo "2330"]
[BlackElo "2200"]

1.d4 Nf6 2.Nf3 e6 3.c4 b6 4.Nc3 Bb7 5.Bg5 d5 6.e3 Be7 7.Rc1 O-O 8.cxd5 exd5
9.Bxf6 Bxf6 10.b4 a5 11.b5 Re8 12.Be2 Nd7 13.O-O Nf8 14.Qb3 Qd6 15.Na4 h5
16.Rc3 g6 17.Rfc1 Ne6 18.Qc2 Re7 19.Nb2 Rf8 20.Nd3 Ree8 21.Nfe5 Bd8 22.f4 Kg7
23.Bf3 Rh8 24.Nxf7 Kxf7 25.Ne5+ Kf8 26.Qxg6 Qe7 27.Bxh5 Ng7 28.Bg4 Kg8 29.h3 Rf8
30.Rxc7 Bxc7 31.Rxc7 Qxc7 32.Be6+ Rf7 33.Bxf7+ Kf8 34.Qf6 Qc1+ 35.Kh2 Rxh3+
36.Kxh3 Qh1+ 37.Kg3 Nf5+ 38.Qxf5 Qe1+ 39.Kh2 Qh4+ 40.Qh3  1-0

[Event "BCF-ch"]
[Site "Swansea"]
[Date "1987.??.??"]
[Round "?"]
[White "Levitt, Jonathan"]
[Black "Emms, John M"]
[Result "1-0"]
[WhiteElo "2455"]
[BlackElo "2325"]

1.d4 Nf6 2.c4 e6 3.Nf3 b6 4.Nc3 Bb4 5.e3 Ne4 6.Qc2 Bb7 7.Bd3 Bxc3+ 8.bxc3 f5
9.O-O O-O 10.Ne1 Qh4 11.f3 Nf6 12.Ba3 d6 13.c5 dxc5 14.dxc5 Re8 15.Qb3 Kh8
16.Nc2 Bd5 17.c4 Bb7 18.Nd4 Nc6 19.Bb2 Rab8 20.cxb6 Nxd4 21.exd4 axb6 22.Rae1 Rbd8
23.Rf2 Nh5 24.Bf1 f4 25.Qb5 Ng3 26.Bd3 Ra8 27.Qe5 Rg8 28.Qxe6 Qh5 29.Re5 Qh4
30.Qg4 Qd8 31.hxg3 Rxa2 32.d5 fxg3 33.Qxg3 Qf6  1-0

[Event "URS Army-ch"]
[Site "Tashkent"]
[Date "1987.??.??"]
[Round "?"]
[White "Vyzmanavin, Alexey"]
[Black "Legky, Nikolay A"]
[Result "1/2-1/2"]
[WhiteElo "2485"]
[BlackElo "2350"]

1.d4 Nf6 2.c4 e6 3.Nf3 b6 4.Nc3 Bb7 5.a3 d5 6.cxd5 Nxd5 7.Qc2 Be7 8.e4 Nxc3
9.bxc3 O-O 10.Bd3 c5 11.O-O cxd4 12.cxd4 Nc6 13.Bb2 Rc8 14.Qe2 Bf6 15.Rad1 Na5
16.Rfe1 Re8 17.Bb5 Bc6 18.Ba6 Bb7 19.Bxb7 Nxb7 20.Rd3 Na5 21.Red1 Qd7 22.e5 Be7
23.d5 exd5 24.e6 Qxe6 25.Re3 Qd7 26.Ne5 Qf5 27.g4 Qc2 28.Rd2 Qc7 29.Nxf7 Kxf7
30.Qf3+ Bf6 31.g5 Rxe3 32.fxe3 Nc4 33.gxf6 Nxd2 34.Qxd5+ Kg6 35.Qg2+ Kf7
36.Qd5+ Kg6  1/2-1/2

[Event "Timisoara"]
[Site "Timisoara"]
[Date "1987.??.??"]
[Round "?"]
[White "Foisor, Ovidiu"]
[Black "Barbulescu, Dan"]
[Result "1-0"]
[WhiteElo "2495"]
[BlackElo "2465"]

1.d4 Nf6 2.c4 e6 3.Nf3 b6 4.Nc3 Bb7 5.Bg5 Be7 6.Qc2 d5 7.Bxf6 Bxf6 8.cxd5 exd5
9.e3 O-O 10.Be2 Nd7 11.O-O c5 12.Rfd1 Rc8 13.Rac1 a6 14.dxc5 Nxc5 15.Qb1 Qd7
16.Bc4 Na4 17.Nxd5 Bxd5 18.Rxd5 Qc7 19.Rdd1 Qa7 20.Nd4 b5 21.Bd5 g6 22.g3 Kg7
23.Rd2 Qb6 24.Bb3 Qa5 25.Rcd1 Qb4 26.Qe4 Qe7 27.Qg4 Kh8 28.h4 h5 29.Qf3 Kg7
30.Kg2 Nc5 31.Nc6 Qb7 32.Bd5 Qb6 33.Nd4 Rfd8 34.Ne2 Na4 35.b3 Nc3 36.Nxc3 Bxc3
37.Qxf7+ Kh6 38.Rd3 Be5 39.Qe7 Qd6  1-0

[Event "Timisoara"]
[Site "Timisoara"]
[Date "1987.??.??"]
[Round "?"]
[White "Kengis, Edvins"]
[Black "Barbulescu, Dan"]
[Result "1/2-1/2"]
[WhiteElo "2485"]
[BlackElo "2465"]

1.d4 Nf6 2.Nf3 e6 3.c4 b6 4.Nc3 Bb7 5.a3 d5 6.cxd5 exd5 7.g3 Be7 8.Qa4+ c6
9.Bg2 O-O 10.O-O Nbd7 11.Bf4 Nh5 12.Rad1 Nxf4 13.gxf4 Nf6 14.Ne5 Qd6 15.e3 Rfd8
16.Rd2 Qe6 17.Qb3 Rd6 18.Qc2 Bf8 19.Re1 Rc8 20.Qb1 Rdd8 21.b4 Ba8 22.f5 Qe8
23.Nd3 Qd7 24.Ne5 Qe8 25.Nd3 Qd7 26.Ne5  1/2-1/2

[Event "Timisoara"]
[Site "Timisoara"]
[Date "1987.??.??"]
[Round "?"]
[White "Ionescu, Constantin"]
[Black "Kengis, Edvins"]
[Result "1-0"]
[WhiteElo "2520"]
[BlackElo "2485"]

1.d4 Nf6 2.c4 e6 3.Nc3 b6 4.Nf3 Bb7 5.Bg5 h6 6.Bh4 Bb4 7.Qc2 g5 8.Bg3 Ne4
9.e3 Bxc3+ 10.bxc3 Nxg3 11.hxg3 Nc6 12.Rh5 Qf6 13.g4 Ne7 14.Nd2 c5 15.g3 Qg7
16.Be2 d5 17.cxd5 Nxd5 18.Qa4+ Ke7 19.Qa3 Rhc8 20.Rb1 Kf8 21.Nc4 Rc7 22.f3 Kg8
23.Kf2 cxd4 24.cxd4 Rac8 25.Rbh1 Nf6 26.Rxh6 Nxg4+ 27.fxg4 Bxh1 28.Rxh1 Rxc4
29.Bxc4 Rxc4 30.Qe7 Rc8 31.Rh5 Qf8 32.Rxg5+ Kh7 33.Rh5+ Kg8 34.Qf6 Rc2+ 35.Kf3  1-0

[Event "Timisoara"]
[Site "Timisoara"]
[Date "1987.??.??"]
[Round "?"]
[White "Ionescu, Constantin"]
[Black "Stoica, Valentin"]
[Result "1/2-1/2"]
[WhiteElo "2520"]
[BlackElo "2440"]

1.d4 Nf6 2.c4 e6 3.Nf3 b6 4.Nc3 Bb4 5.g3 Bb7 6.Bg2 Bxc3+ 7.bxc3 d6 8.O-O Nbd7
9.Qc2 Ne4 10.Qa4 Qc8  1/2-1/2

[Event "Timisoara"]
[Site "Timisoara"]
[Date "1987.??.??"]
[Round "?"]
[White "Kengis, Edvins"]
[Black "Stoica, Valentin"]
[Result "1/2-1/2"]
[WhiteElo "2485"]
[BlackElo "2440"]

1.d4 Nf6 2.Nf3 e6 3.c4 b6 4.Nc3 Bb4 5.e3 Bb7 6.Bd3 O-O 7.O-O c5 8.Na4 cxd4
9.exd4 Re8 10.Bg5 Be7 11.Rc1 d6 12.Re1 Nbd7 13.Nc3 Rc8 14.a3 h6 15.Bf4 d5
16.Ne5 dxc4 17.Nxc4 Nd5 18.Nxd5 Bxd5  1/2-1/2